Report of the national youth employment council on the work of the youth employment service 1950-55 (Record no. 1444259)

MARC details
000 -LEADER
fixed length control field 00513nam a2200157Ia 4500
005 - DATE AND TIME OF LATEST TRANSACTION
control field 20250923144846.0
008 - FIXED-LENGTH DATA ELEMENTS--GENERAL INFORMATION
fixed length control field 008 250917s9999 xx 000 0 eng d
037 ## - SOURCE OF ACQUISITION
Stock number Reports
040 ## - CATALOGING SOURCE
Original cataloging agency DSWL
Language of cataloging eng
Transcribing agency DSWL
041 ## - LANGUAGE CODE
Language code of text/sound track or separate title eng
Source of code eng
084 ## - COLON CLASSIFICATION NUMBER
Classification number YX,Z2;1-22.3'N5, N53
Assigning agency DSWL
245 #0 - TITLE STATEMENT
Title Report of the national youth employment council on the work of the youth employment service 1950-55
260 ## - PUBLICATION, DISTRIBUTION, ETC.
Place of publication, distribution, etc. London
Name of publisher, distributor, etc. HMSO
Date of publication, distribution, etc. 1953
942 ## - ADDED ENTRY ELEMENTS (KOHA)
Koha item type Reports
Classification part YX,Z2;1-22.3'N5, N53
Holdings
Withdrawn status Lost status Damaged status Not for loan Home library Current library Date acquired Total Checkouts Full call number Barcode Date last seen Price effective from Koha item type
        Department of Social Work Library Department of Social Work Library 2025-09-23   YX,Z2;1-22.3'N5, N53 SW0008931 2025-09-23 2025-09-23 Reports
Copyright @ Delhi University Library System